000 01663nam a2200373 i 4500
003 EG-GICUC
005 20260121130151.0
008 260120s1978 ua ||||f |||| 00| 0 ara d
017 _a78/5914
040 _a EG-GICUC
_bara
_c EG-GICUC
_d EG-GICUC
_erda
041 _aara
082 0 4 _221
_a345.531
_bف ه . م
092 0 4 _221
099 _aLaw1 07 345.531 ف ه . م 1978
100 0 _aفهمي محمود شكري
_eمترجم.
245 1 0 _aمشاكل سياسة وإدارة الموازنة في الدول النامية /
_cعرض وترجمة فهمي محمود شكري .
246 _aThe Problems Budget Policy and Management Developing Countries
264 1 _aالقاهرة :
_bالمنظمة العربية للعلوم الإدارية ،
_c1978 .
300 _a43 ؛ صفحة
_b
_c24 سم
336 _2rda content
_atext
337 _2rda media
_aComputer
338 _2rda carrier
_aOnline Resource
490 _aسلسلة الفكر الإداري المعاصر
_v47
500 _aRePort of the second nations Interregional workshop on problems of Budget policy and management in Developing Countries. Vedbaek, Denmark 4 – 15 September 1967 United Nations] {New York, 1967
504 _aببليوجرافيا: صفحة 43
504 _aيشتمل على إرجاعات ببليوجرافية
650 1 4 _aالتصرف في المال العام
_2qrmak
650 1 4 _aالقانون الإداري
_2qrmak
651 1 _2qrmak
830 _aسلسلة الفكر الإداري المعاصر
_v47
856 4 0 _uhttps://fll.law.cu.edu.eg/fulltext/bks/B07-00062.pdf
905 _a61
942 _2ddc
_cBK
_e21
_n0
999 _c58304
_d58304